NINJAGO Episodes (2011-2022) - Statistics

General Stats
  • This quiz has been taken 52 times
  • The average score is 44 of 215
Answer Stats
Season Episode Name % Correct
Pilot Episodes Way of the Ninja
64%
Pilot Episodes King of Shadows
61%
Rise of the Snakes Rise of the Snakes
61%
Rise of the Snakes The Royal Blacksmiths
57%
Rise of the Snakes Never Trust a Snake
54%
Rise of the Snakes The Green Ninja
54%
Rebooted The Titanium Ninja
54%
Rise of the Snakes Tick Tock
54%
Rise of the Snakes Day of the Great Devourer
50%
Rise of the Snakes Home
50%
Legacy of the Green Ninja Ninjaball Run
50%
Tournament of Elements Only One Can Remain
50%
Rise of the Snakes Snakebit
50%
Tournament of Elements The Invitation
50%
Rebooted The Void
50%
Rebooted Blackout
46%
Rise of the Snakes Can of Worms
46%
Rebooted Enter the Digiverse
46%
Rebooted The Art of the Silent Fist
46%
Tournament of Elements The Corridor of Elders
46%
Rebooted The Curse of the Golden Master
46%
Legacy of the Green Ninja The Day Ninjago Stood Still
46%
Tournament of Elements The Day of the Dragon
46%
Pilot Episodes The Golden Weapon
46%
Rise of the Snakes The Rise of the Great Devourer
46%
Tournament of Elements Versus
46%
Legacy of the Green Ninja Child's Play
43%
Rebooted Codename: Arcturus
43%
Rise of the Snakes Once Bitten, Twice Shy
43%
Legacy of the Green Ninja Pirates vs. Ninja
43%
Legacy of the Green Ninja The Stone Army
43%
Rebooted The Surge
43%
Legacy of the Green Ninja Double Trouble
39%
Tournament of Elements Ninja Roll
39%
Legacy of the Green Ninja Rise of the Spinjitzu Master
39%
Tournament of Elements The Forgotten Element
39%
Rise of the Snakes All of Nothing
36%
Legacy of the Green Ninja Darkness Shall Rise
36%
Possession Stiix and Stones
36%
Rise of the Snakes The Snake King
36%
Legacy of the Green Ninja Wrong Place, Wrong Time
36%
Possession Ghost Story
32%
Possession Grave Danger
32%
Legacy of the Green Ninja Island of Darkness
32%
Possession Peak-A-Boo
32%
Legacy of the Green Ninja Return of the Overlord
32%
Tournament of Elements Spy For a Spy
32%
Tournament of Elements The Greatest Fear of All
32%
Legacy of the Green Ninja The Last Voyage
32%
Halloween Special Day of the Departed
29%
Possession Kingdom Come
29%
Legacy of the Green Ninja The Last Hope
29%
Skybound Infamous
25%
Skybound Public Enemy Number One
25%
Crystalized Roots
25%
Tournament of Elements Spellbound
25%
Master of the Mountain The Son of Lilly
25%
Possession The Temple on Haunted Hill
25%
Skybound The Way Back
25%
Pilot Episodes Weapons of Destiny
25%
Prime Empire Would You Like to Enter Prime Empire?
25%
March of the Oni Endings
21%
Skybound My Dinner with Nadakhan
21%
Skybound On a Wish and a Prayer
21%
Hands of Time Out of the Fire and Into the Boiling Sea
21%
Hands of Time The Attack
21%
Possession The Crooked Path
21%
Hands of Time The Hands of Time
21%
Sons of Garmadon The Jade Princess
21%
Skybound The Last Resort
21%
Secrets of the Forbidden Spinjitzu Wasted True Potential
21%
Secrets of the Forbidden Spinjitzu A Cold Goodbye
18%
Hands of Time A Time of Traitors
18%
Secrets of the Forbidden Spinjitzu Awakenings
18%
Sons of Garmadon Big Trouble, Little Ninjago
18%
Crystalized Christofern
18%
Possession Curseworld, Part I
18%
Possession Curseworld, Part II
18%
Crystalized Dragon Form
18%
Skybound Enkrypted
18%
Hunted Firstbourne
18%
Sons of Garmadon Game of Masks
18%
Hunted Green Destiny
18%
Prime Empire I Am Okino
18%
Secrets of the Forbidden Spinjitzu Never Trust a Human
18%
Secrets of the Forbidden Spinjitzu Ninja vs Lava
18%
Seabound Nyad
18%
Secrets of the Forbidden Spinjitzu Questing for Quests
18%
Hands of Time Secrets Discovered
18%
Master of the Mountain Shintaro
18%
Sons of Garmadon Snake Jaguar
18%
March of the Oni The Darkness Come
18%
March of the Oni The Fall
18%
The Island The Gift of Jay
18%
Hands of Time The Hatching
18%
Sons of Garmadon The Mask of Deception
18%
Sons of Garmadon The Quiet One
18%
Sons of Garmadon True Potential
18%
Hands of Time A Line in the Sand
14%
Secrets of the Forbidden Spinjitzu Boobytraps and How to Survive Them
14%
Crystalized Crystastrophe
14%
Sons of Garmadon Dead Man's Squall
14%
Prime Empire Dyer Island
14%
Crystalized Farewell the Sea
14%
Seabound Five Thousand Fathoms Down
14%
Prime Empire Game Over
14%
Hunted How to Build a Dragon
14%
March of the Oni Into the Breach
14%
Hunted Iron & Stone
14%
Secrets of the Forbidden Spinjitzu Krag's Lament
14%
Prime Empire Level Thirteen
14%
Hands of Time Lost in Time
14%
Skybound Misfortune Rising
14%
Secrets of the Forbidden Spinjitzu Once and For All
14%
Skybound Operation Land Ho!
14%
Seabound Papergirl
14%
Hands of Time Pause and Effect
14%
Master of the Mountain Queen of the Munce
14%
Crystalized Safe Haven
14%
Hunted Saving Faith
14%
Secrets of the Forbidden Spinjitzu Snaketastrophy
14%
Prime Empire Superstar Rockin' Jay
14%
Prime Empire The Glitch
14%
The Island The Keepers of the Amulet
14%
Secrets of the Forbidden Spinjitzu The Never-Realm
14%
Secrets of the Forbidden Spinjitzu The News Never Sleeps
14%
Sons of Garmadon The Oni and the Dragon
14%
Master of the Mountain The Skull Sorcerer
14%
The Island The Tooth of Wojira
14%
Secrets of the Forbidden Spinjitzu The Traveler's Tree
14%
Seabound The Turn of the Tide
14%
Hunted Two Lies, One Truth
14%
Skybound Wishmasters
14%
Seabound A Big Splash
11%
Crystalized A Lesson in Anger
11%
Crystalized An Issue of Trust
11%
Secrets of the Forbidden Spinjitzu An Unlikely Ally
11%
Crystalized A Painful Promise
11%
Crystalized Brave but Foolish
11%
Secrets of the Forbidden Spinjitzu Corruption
11%
Sons of Garmadon Dread on Arrival
11%
Master of the Mountain Dungeon Crawl!
11%
Secrets of the Forbidden Spinjitzu Fire Maker
11%
Master of the Mountain Grief-Bringer
11%
Hunted Lessons for a Master
11%
Seabound Long Live the King
11%
Seabound Master of the Sea
11%
Secrets of the Forbidden Spinjitzu My Enemy, My Friend
11%
Prime Empire Ninjago Confidential
11%
Prime Empire One Step Forward, Two Steps Back
11%
Hunted Radio Free Ninjago
11%
Crystalized Return of the Ice Emperor
11%
Crystalized Return to Primeval's Eye
11%
Hands of Time Scavengers
11%
Secrets of the Forbidden Spinjitzu The Belly of the Beast
11%
Crystalized The Call of Home
11%
Prime Empire The Cliffs of Hysteria
11%
Crystalized The Council of the Crystal King
11%
Crystalized The Fifth Villain
11%
Hunted The Gilded Path
11%
Secrets of the Forbidden Spinjitzu The Last of the Formlings
11%
Prime Empire The Maze of the Red Dragon
11%
Secrets of the Forbidden Spinjitzu The Message
11%
Master of the Mountain The Real Fall
11%
Crystalized The Shape of Nya
11%
Seabound The Storm Amulet
11%
Master of the Mountain The Upply Strike Back!
11%
Hunted The Weakest Link
11%
Master of the Mountain The Worst Rescue Ever
11%
The Island Uncharted
11%
Secrets of the Forbidden Spinjitzu Vengeance is Mine!
11%
Crystalized A Mayor Problem
7%
Secrets of the Forbidden Spinjitzu Ancient History
7%
Secrets of the Forbidden Spinjitzu A Rocky Start
7%
Seabound Assault on Ninjago City
7%
Crystalized Compatible
7%
Crystalized Distress Calls
7%
Master of the Mountain Dungeon Party!
7%
Seabound Escape from Merlopia
7%
Crystalized HoundDog McBrag
7%
Master of the Mountain Into the Dark
7%
Master of the Mountain Masters Never Quit
7%
Crystalized Ninjago City vs Ninja
7%
Secrets of the Forbidden Spinjitzu Powerless
7%
Crystalized Public Enemy 1, 2, 3, 4, 5
7%
Crystalized Quittin' Time
7%
Prime Empire Racer Seven
7%
Seabound Riddle of the Sphinx
7%
Secrets of the Forbidden Spinjitzu Secret of the Wolf
7%
Secrets of the Forbidden Spinjitzu The Absolute Worst
7%
Master of the Mountain The Ascent
7%
Crystalized The Benefit of Grief
7%
Seabound The Call of the Deep
7%
Seabound The Calm Before the Storm
7%
Secrets of the Forbidden Spinjitzu The Explorers Club
7%
Secrets of the Forbidden Spinjitzu The Kaiju Protocol
7%
Prime Empire The Prodigal Father
7%
Prime Empire The Speedway Five-Billion
7%
Crystalized The Spider's Design
7%
Seabound The Tale of Benthomaar
7%
Prime Empire The Temple of Madness
7%
Master of the Mountain The Two Blades
7%
Seabound The Wrath of Kalmaar
7%
Master of the Mountain Trial By Mino
7%
Secrets of the Forbidden Spinjitzu Under Siege
7%
Seabound Unsinkable
7%
Secrets of the Forbidden Spinjitzu A Fragile Hope
4%
Crystalized Darkness Within
4%
Crystalized Kryptarium Prison Blues
4%
Prime Empire Stop, Drop and Side Scroll
4%
Crystalized The Coming of the King
4%
Master of the Mountain The Darkest Hour
4%
Crystalized The Fall of the Monastery
4%
Possession Winds of Charge
4%
Crystalized A Sinster Shadow
0%
No matching quizzes found
Score Distribution
Percent of People with Each Score
Percentile by Number Answered
Your Score History
You have not taken this quiz